ARRUPE JESUIT UNIVERSITY

CORONAVIRUS -STOP THE SPREAD - CLEAN,DISINFECT,COVER

Kĩmaathi, Mau Mau's first prime minister of Kenya / (Record no. 125521)

MARC details
000 -LEADER
fixed length control field 00983cam a2200301 a 4500
001 - CONTROL NUMBER
control field 3405933
003 - CONTROL NUMBER IDENTIFIER
control field ARRUPE
005 - DATE AND TIME OF LATEST TRANSACTION
control field 20161017112154.0
008 - FIXED-LENGTH DATA ELEMENTS--GENERAL INFORMATION
fixed length control field 890712s1986 enka b 000 0beng
010 ## - LIBRARY OF CONGRESS CONTROL NUMBER
LC control number 89161196
020 ## - INTERNATIONAL STANDARD BOOK NUMBER
International Standard Book Number 1869886011
040 ## - CATALOGING SOURCE
Original cataloging agency DLC
Transcribing agency DLC
Modifying agency DLC
043 ## - GEOGRAPHIC AREA CODE
Geographic area code f-ke---
050 00 - LIBRARY OF CONGRESS CALL NUMBER
Classification number DT433.576K56
082 00 - DEWEY DECIMAL CLASSIFICATION NUMBER
Classification number 967.62
Edition number 20
300 ## - PHYSICAL DESCRIPTION
Other physical details ill. ;
Dimensions 21 cm.
100 1# - MAIN ENTRY--PERSONAL NAME
Personal name Durrani, Shiraz.
9 (RLIN) 26773
245 10 - TITLE STATEMENT
Title Kĩmaathi, Mau Mau's first prime minister of Kenya /
Statement of responsibility, etc Shiraz Durrani.
260 ## - PUBLICATION, DISTRIBUTION, ETC. (IMPRINT)
Place of publication, distribution, etc Middlesex,
Name of publisher, distributor, etc Vita Books ;
Date of publication, distribution, etc 1986.
300 ## - PHYSICAL DESCRIPTION
Extent 52 p.;
504 ## - BIBLIOGRAPHY, ETC. NOTE
Bibliography, etc Includes bibliographical references.
600 10 - SUBJECT ADDED ENTRY--PERSONAL NAME
Personal name Kimathi, Dedan,
9 (RLIN) 26774
610 20 - SUBJECT ADDED ENTRY--CORPORATE NAME
Corporate name or jurisdiction name as entry element Mau Mau
9 (RLIN) 5399
650 #0 - SUBJECT ADDED ENTRY--TOPICAL TERM
Topical term or geographic name as entry element Revolutionaries
Geographic subdivision Kenya
General subdivision Biography.
9 (RLIN) 26775
651 #0 - SUBJECT ADDED ENTRY--GEOGRAPHIC NAME
Geographic name Kenya
General subdivision History
Chronological subdivision Mau Mau Emergency, 1952-1960.
9 (RLIN) 1542
906 ## - LOCAL DATA ELEMENT F, LDF (RLIN)
a 7
b cbc
c orignew
d 3
e ncip
f 19
g y-gencatlg
942 ## - ADDED ENTRY ELEMENTS (KOHA)
Source of classification or shelving scheme Library of Congress Classification
Koha item type Monograph ( Printed materials)
Holdings
Withdrawn status Lost status Source of classification or shelving scheme Damaged status Not for loan Collection code Home library Current library Shelving location Date acquired Total Checkouts Full call number Barcode Date last seen Copy number Price effective from Koha item type
    Library of Congress Classification     Main Collection ARRUPE LIBRARY ARRUPE LIBRARY Main Collection 17/10/2016   DT433.576K56 46500010778 07/12/2017 1 17/10/2016 Monograph ( Printed materials)
    Library of Congress Classification     Main Collection ARRUPE LIBRARY ARRUPE LIBRARY Main Collection 17/10/2016   DT433.576K56 46500010779 07/12/2017 2 17/10/2016 Monograph ( Printed materials)

 

Arrupe Library. PO Box MP320 Mt Pleasant, Harare, Zimbabwe
263 242 745411|librarian@aju.ac.zw